Missing Word: Sam Shepard Movies Quiz Stats

 Plays Quiz Updated Dec 31, 2018

Support Sporcle.
Go Orange.
Score 0/18 Timer 02:00
0 Plays Today
Movie Word % Correct
Charlotte's ___Web
95.8%
Black ___ DownHawk
95.5%
___ MagnoliasSteel
94.1%
The ___ BriefPelican
91.7%
The Right ___Stuff
82.8%
August: Osage ___County
72.6%
Snow ___ on CedarsFalling
66%
All the ___ HorsesPretty
62.8%
Crimes of the ___Heart
57.7%
Movie Word % Correct
Fool for ___Love
45.1%
Killing ___ SoftlyThem
44.8%
___ BoomBaby
33.1%
___ Come KnockingDon't
24.1%
___ of the FurnaceOut
18.5%
___ PassageSafe
16.2%
The Accidental ___Husband
7.7%
In Dubious ___Battle
6.6%
___ CompanionDarling
6.5%

Today's Daily Dose

From the Vault

Asian Flags by Color Blitz

by jackaronson23

Geography 30s
Asia has a Red Sea and a Yellow Sea, but they don't count here.
Remove Ads.
Support Sporcle.
Get the best of Sporcle when you Go Orange. This ad-free experience offers more features, more stats, and more fun while also helping to support Sporcle. Thank you for becoming a member.

Show Comments

Extras

Top Quizzes Today


Score Distribution

Your Account Isn't Verified!

In order to create a playlist on Sporcle, you need to verify the email address you used during registration. Go to your Sporcle Settings to finish the process.

Report this User

Report this user for behavior that violates our Community Guidelines.

Details: